相模鉄道の駅 - Statistics

General Stats
  • This quiz has been taken 11 times
  • The average score is 27 of 29
Answer Stats
Answer % Correct
横浜
100%
西横浜
100%
星川
100%
上星川
100%
西谷
100%
鶴ケ峰
100%
二俣川
100%
希望ケ丘
100%
瀬谷
100%
大和
100%
さがみ野
100%
海老名
100%
二俣川
100%
いずみ野
100%
湘南台
100%
羽沢横浜国大
100%
西谷
100%
平沼橋
89%
天王町
89%
三ツ境
89%
相模大塚
89%
かしわ台
89%
緑園都市
89%
ゆめが丘
89%
新横浜
89%
和田町
78%
南万騎が原
78%
弥生台
67%
いずみ中央
67%
No matching quizzes found
Score Distribution
Percent of People with Each Score
Percentile by Number Answered
Your Score History
You have not taken this quiz